Vývoj základných kovov vo februári na Londýnskej burze kovov Príloha Hospodárskych novín

Vývoj kontraktov a cien základných kovov (meď, hliník, zinok, olovo, nikel, cín) na Londýnskej burze kovov vo februári 1997.

Na minha lista:
Detalhes bibliográficos
Autor principal: Zoller, Alexander
Formato: Capítulo de Livro
Idioma:eslovaco
Assuntos:
Tags: Adicionar Tag
Sem tags, seja o primeiro a adicionar uma tag!

MARC

LEADER 00000naa a2200000 4500
001 r025705
005 20230824085332.0
041 0 |a slo 
044 |a SK 
245 1 0 |a Vývoj základných kovov vo februári na Londýnskej burze kovov  |b Príloha Hospodárskych novín  |c A. Zoller 
520 |a Vývoj kontraktov a cien základných kovov (meď, hliník, zinok, olovo, nikel, cín) na Londýnskej burze kovov vo februári 1997. 
610 2 0 |a Veľká Británia 
610 2 0 |a Londýn 
610 2 0 |a február 
610 2 0 |a 1997 
610 2 0 |a burzy komoditné 
610 2 0 |a ceny burzové 
610 2 0 |a Londýnska burza kovov 
610 2 0 |a obchody burzové 
610 2 0 |a meď 
610 2 0 |a hliník 
610 2 0 |a zinok 
610 2 0 |a olovo 
610 2 0 |a nikel 
610 2 0 |a kovy 
100 1 |a Zoller, Alexander